000 00339nam a2200157Ia 4500
003 OSt
005 20240318124150.0
008 170524s9999 xx 000 0 und d
020 _a8178800713
040 _cIIMTU MEERUT
100 _aSarkar - A.K.
245 0 _aIndia Tourism
260 _bRajat Pub.
260 _c2003
942 _2ddc
_c02
999 _c6747
_d6747